000 00527nam a2200193 a 4500
001 1772199268045
003 YourLibrary
005 20260227190611.0
008 260227s1998##################000#0#eng##
020 _a9780198293828
082 0 4 _a321.8
_bROB
100 1 _aRobinson, Mark,
_eauthor.
245 1 0 _aThe Democratic Developmental State :
260 _bOxford University Press, USA,
_c1998.
300 _a376 pages
650 0 _aBusiness & Economics.
942 _cENGLISH
040 _aYourLibrary
_beng
_cYourLibrary
999 _c616151
_d616151